2023 March Madness Upsets - Statistics

General Stats
  • This quiz has been taken 415 times
  • The average score is 13 of 19
Answer Stats
Round Seed Team Defeated Seed Team % Correct
64 1 Purdue 16 Fairleigh-Dickinson
90%
64 2 Arizona 15 Princeton
88%
32 7 Missouri 15 Princeton
88%
64 8 Memphis 9 FAU
83%
16 4 Tennessee 9 FAU
83%
8 3 Kansas State 9 FAU
83%
64 4 Virginia 13 Furman
81%
16 1 Alabama 5 San Diego State
77%
32 4 Indiana 5 Miami (FL)
72%
16 1 Houston 5 Miami (FL)
72%
8 2 Texas 5 Miami (FL)
72%
8 3 Gonzaga 4 UConn
70%
32 1 Kansas 8 Arkansas
64%
16 2 UCLA 3 Gonzaga
56%
32 2 Marquette 7 Michigan State
56%
32 3 Baylor 6 Creighton
46%
64 7 Texas A&M 10 Penn State
46%
64 6 Iowa State 11 Pittsburgh
41%
64 8 Iowa 9 Auburn
38%
No matching quizzes found
Score Distribution
Percent of People with Each Score
Percentile by Number Answered
Your Score History
You have not taken this quiz